Statistics for Districts of Israel - Map Quiz

Click here to take the quiz!

General Stats

  • This quiz has been taken 56 times
  • The average score is 5 of 6

Answers on the Map

Answers color-coded by a green-red scale on the quiz's map according to % correct below.
 

Answer Stats

Answer% Correct
Northern District
מְחוֹז הַצָפוֹן
91%
Southern District
מְחוֹז הַדָּרוֹם
87%
Haifa
מְחוֹז חֵיפָה
82%
Central District
מְחוֹז הַמֶּרְכָּז
80%
Jerusalem
מְחוֹז יְרוּשָׁלַיִם
80%
Tel Aviv
מְחוֹז תֵּל־אָבִיב
76%

Score Distribution

Percentile by Number Answered

Percent of People with Each Score

Your Score History

You have not taken this quiz